| 000 | 00950nam a22003017a 4500 | ||
|---|---|---|---|
| 003 | CHAP | ||
| 005 | 20220817042433.0 | ||
| 008 | 971013s1984 r 00010 d | ||
| 010 | _a44687 | ||
| 011 | _a45659 | ||
| 035 | _a49798 | ||
| 040 | _cCHAP | ||
| 090 | _aFolleto 10031 | ||
| 110 |
_aInstituto Nacional de Investigaciones Agropecuarias. Ecuador _959319 |
||
| 245 | _aGuía breve para producción del maíz en el litoral ecuatoriano | ||
| 260 |
_aQuito : _bEl Instituto, _c1984 |
||
| 300 | _a18 p. | ||
| 490 |
_aBoletín divulgativo _v; 171 |
||
| 590 |
_aBATCH-UPD _b10 _c20130110 _lUCH01 _h1315 |
||
| 590 |
_aBATCH-UPD _b10 _c20130410 _lUCH01 _h0827 |
||
| 590 |
_aBATCH-UPD _b10 _c20130914 _lUCH01 _h0652 |
||
| 590 |
_aCONVERSION _b10 _c20130109 _lUCH01 _h1325 |
||
| 650 | 1 | 4 |
_aMaíz _xEcuador. _970930 |
| 830 | 0 |
_aBoletín divulgativo _v; 171 |
|
| 901 | _aBK | ||
| 942 | _cFOLL | ||
| 949 |
_aFolleto 10031 _bBC _cFOLL _d-112236 _eTS1 _i49798 _mD _si |
||
| 999 |
_c44687 _d44687 |
||